Texas counties - Statistics

General Stats
  • This quiz has been taken 7 times
  • The average score is 104 of 254
Answer Stats
Answer % Correct
Austin
100%
Bexar
100%
Dallas
100%
Hidalgo
100%
Angelina
80%
Aransas
80%
Archer
80%
Bee
80%
Blanco
80%
Brown
80%
Denton
80%
Fort bend
80%
Gonzales
80%
Guadalupe
80%
Hall
80%
Harris
80%
Houston
80%
Anderson
60%
Andrews
60%
Armstrong
60%
Atascosa
60%
Bailey
60%
Bastrop
60%
Bell
60%
Borden
60%
Bowie
60%
Brazoria
60%
Brazos
60%
Briscoe
60%
Burleson
60%
Calhoun
60%
Cameron
60%
Camp
60%
Cass
60%
Castro
60%
Cherokee
60%
Clay
60%
Coleman
60%
Collin
60%
Colorado
60%
Comal
60%
Comanche
60%
Crockett
60%
Dallam
60%
Dawson
60%
Donley
60%
Ector
60%
El paso
60%
Erath
60%
Fayette
60%
Floyd
60%
Galveston
60%
Garza
60%
Hale
60%
Hamilton
60%
Hansford
60%
Harrison
60%
Henderson
60%
Hill
60%
Hockley
60%
Hopkins
60%
Irion
60%
Johnson
60%
Kaufman
60%
King
60%
Lee
60%
Llano
60%
Loving
60%
Lubbock
60%
Marion
60%
Mclennan
60%
Menard
60%
Navarro
60%
Panola
60%
Sabine
60%
Smith
60%
Starr
60%
Tarrant
60%
Titus
60%
Tom green
60%
Bandera
40%
Baylor
40%
Bosque
40%
Brewster
40%
Brooks
40%
Burnet
40%
Carson
40%
Chambers
40%
Childress
40%
Cochran
40%
Concho
40%
Cooke
40%
Coryell
40%
Cottle
40%
Crane
40%
Culberson
40%
Deaf smith
40%
Delta
40%
Dewitt
40%
Dickens
40%
Dimmit
40%
Eastland
40%
Edwards
40%
Ellis
40%
Falls
40%
Fannin
40%
Fisher
40%
Foard
40%
Franklin
40%
Freestone
40%
Frio
40%
Gaines
40%
Glasscock
40%
Gray
40%
Grayson
40%
Gregg
40%
Grimes
40%
Hardeman
40%
Hardin
40%
Hartley
40%
Haskell
40%
Hays
40%
Hemphill
40%
Hudspeth
40%
Hunt
40%
Jack
40%
Jasper
40%
Jeff davis
40%
Jefferson
40%
Jones
40%
Kenedy
40%
Kent
40%
Kerr
40%
Knox
40%
Lamb
40%
Lavaca
40%
Leon
40%
Lynn
40%
Mason
40%
Matagorda
40%
Mcmullen
40%
Montague
40%
Moore
40%
Morris
40%
Nacogdoches
40%
Nueces
40%
Ochiltree
40%
Orange
40%
Potter
40%
Presidio
40%
Rains
40%
Randall
40%
Red river
40%
Reeves
40%
Rockwall
40%
Runnels
40%
Rusk
40%
Shelby
40%
Swisher
40%
Terrell
40%
Terry
40%
Throckmorton
40%
Travis
40%
Tyler
40%
Upshur
40%
Val verde
40%
Victoria
40%
Waller
40%
Washington
40%
Webb
40%
Wharton
40%
Wheeler
40%
Wichita
40%
Wilbarger
40%
Wilson
40%
Wise
40%
Wood
40%
Yoakum
40%
Young
40%
Caldwell
20%
Callahan
20%
Coke
20%
Collingsworth
20%
Crosby
20%
Duval
20%
Gillespie
20%
Goliad
20%
Hood
20%
Howard
20%
Hutchinson
20%
Jackson
20%
Jim hogg
20%
Jim wells
20%
Kendall
20%
Kimble
20%
Kinney
20%
Kleberg
20%
Lamar
20%
Lampasas
20%
Liberty
20%
Limestone
20%
Lipscomb
20%
Madison
20%
Maverick
20%
Mcculloch
20%
Medina
20%
Midland
20%
Milam
20%
Mitchell
20%
Montgomery
20%
Motley
20%
Newton
20%
Nolan
20%
Oldham
20%
Palo pinto
20%
Pecos
20%
Polk
20%
Reagan
20%
Real
20%
Refugio
20%
Roberts
20%
Robertson
20%
San augustine
20%
San jacinto
20%
San patricio
20%
Shackelford
20%
Sherman
20%
Stephens
20%
Sterling
20%
Stonewall
20%
Taylor
20%
Trinity
20%
Upton
20%
Uvalde
20%
Walker
20%
Ward
20%
Willacy
20%
Williamson
20%
Winkler
20%
Zapata
20%
Zavala
20%
Karnes city
0%
La salle
0%
Live oak
0%
Martin
0%
Mills
0%
Parker
0%
Parmer
0%
San saba
0%
Schleicher
0%
Scurry
0%
Somervell
0%
Sutton
0%
Van zandt
0%
No matching quizzes found
Score Distribution
Percent of People with Each Score
Percentile by Number Answered
Your Score History
You have not taken this quiz